Nitrosación de aminas secundarias como factor de carcinogénesis ambiental / (Record no. 126541)

MARC details
000 -LEADER
campo de control de longitud fija 00652nam a2200205 4500
001 - NÚMERO DE CONTROL
campo de control 126541
003 - IDENTIFICADOR DE NÚMERO DE CONTROL
campo de control ES-MaACL
005 - FECHA Y HORA DE LA ÚLTIMA TRANSACCIÓN
campo de control 20250817062555.0
007 - CAMPO FIJO DE DESCRIPCIÓN FÍSICA--INFORMACIÓN GENERAL
campo de control de longitud fija t|
008 - DATOS DE LONGITUD FIJA--INFORMACIÓN GENERAL
campo de control de longitud fija 070214s1979 sp r ||||1| spa d
100 1# - ENTRADA PRINCIPAL--NOMBRE DE PERSONA
Nombre de persona Repollés Moliner, José.
9 (RLIN) 96273
245 10 - MENCIÓN DEL TÍTULO
Título Nitrosación de aminas secundarias como factor de carcinogénesis ambiental /
Mención de responsabilidad, etc. José Repollés Moliner.
260 ## - PUBLICACIÓN, DISTRIBUCIÓN, ETC.
Lugar de publicación, distribución, etc. Madrid :
Nombre del editor, distribuidor, etc. Fundación Juan March,
Fecha de publicación, distribución, etc. 1979.
300 ## - DESCRIPCIÓN FÍSICA
Extensión 45 p. ;
Dimensiones 21 cm.
490 1# - MENCIÓN DE SERIE
Mención de serie Serie universitaria
710 2# - ENTRADA AGREGADA--NOMBRE DE ENTIDAD CORPORATIVA
Nombre de entidad corporativa o nombre de jurisdicción como elemento de entrada Fundación Juan March
9 (RLIN) 4346
830 0# - PUNTO DE ACCESO ADICIONAL DE SERIE-TÍTULO UNIFORME
Título uniforme Serie universitaria
9 (RLIN) 180747
852 ## - LOCALIZACIÓN
Ubicación ES-MaACL
Número de control de estantería 2110-F-7
Sublocalización o colección R.99112
Holdings
Estatus retirado Estado de pérdida Estado de daño No para préstamo Colección Biblioteca de origen Biblioteca actual Ubicación en estantería Fecha de adquisición Fuente de adquisición Total de préstamos Signatura topográfica completa Código de barras Visto por última vez Precio de reemplazo Tipo de ítem Koha
        Colección de folletos Biblioteca del Ateneo de Madrid Biblioteca del Ateneo de Madrid Depósito folletos 17/01/2008     2110-F-7 1131799 23/02/2023 23/02/2023 Folleto